| 000 | 00796nam a2200229 i 4500 | ||
|---|---|---|---|
| 001 | 91708 | ||
| 003 | ES-MaACL | ||
| 005 | 20250809063510.0 | ||
| 007 | t| | ||
| 008 | 050208s1996 sp ||||1| spa d | ||
| 080 | _a373(460.355) | ||
| 080 | _a373(460.35) | ||
| 100 | 1 |
_aVilar, Juan Bautista, _d1941-2018 _9114797 |
|
| 245 | 1 | 0 |
_aFamilia y escolarización en Gibraltar y Cádiz en el siglo XIX _b: las escuelas metodistas y su proyección social (1832-1839) / _cJuan-Bta. Vilar. |
| 260 |
_a[S.l. : _bs.n.], _c1996. |
||
| 300 |
_ap. [55]-72 ; _c21 cm. |
||
| 500 | _aSeparata de: Trienio, nº 27, mayo 1996. | ||
| 650 | 1 | 4 |
_aEscuelas- _xCádiz- _yS.XIX. _912412 |
| 650 | 1 | 4 |
_aEscuelas- _zGibraltar- _yS.XIX. _912413 |
| 852 |
_aES-MaACL _j2186-F-14 _bR.135353 |
||
| 999 |
_c91708 _d91708 |
||